00585cam a22002171 4500001001300000003000400013005001700017008004100034010001700075035002000092040001800112042001200130050001900142100003200161245005300193260002100246300002400267500001500291650003000306700003100336sa 68008578 DLC20260227112533.0890914s1950 xx 000 0 newo  asa 68008578  a(OCoLC)20339655 aDLCcWaUdDLC apremarc00aPL3801.N51bB31 aBajrācārya, Ādibajra.10aMūlampuyā tam̆sa va nimhamacāyāmāṃ. c1070 [1950 or 1] a7, 39, 3 p.c18 cm. aIn Newari. 0aNewari languagexGrammar.1 aJoshi, Satya Mohan,d1920-